[Event "44th Chess Olympiad Open 2022"]
[Site "Chennai"]
[Date "2022.08.01"]
[Round "4.6"]
[White "Van Foreest, Jorden"]
[Black "Nabaty, Tamir"]
[Result "1/2-1/2"]
[WhiteElo "2678"]
[BlackElo "2631"]
[Annotator "TA"]
[PlyCount "91"]
[EventDate "2022.07.29"]
[EventType "team-tourn"]
[EventCountry "IND"]
[SourceTitle "playchess.com"]
[Source "ChessBase"]
[SourceQuality "1"]
[WhiteTeam "Netherlands"]
[BlackTeam "Israel"]
[WhiteTeamCountry "NED"]
[BlackTeamCountry "ISR"]

1. e4 e5 2. Nf3 Nf6 3. d4 Nxe4 4. Bd3 d5 5. dxe5 Nc6 6. O-O Bg4 7. Nc3 Nxc3 8.
bxc3 Bc5 9. Re1 O-O 10. h3 Bh5 11. Rb1 b6 12. Bf4 h6 13. g4 Bg6 14. Bg3 f5 15.
exf6 Bxd3 16. Qxd3 Qxf6 17. Kg2 d4 18. cxd4 Nxd4 19. Nxd4 Bxd4 20. Qb3+ Kh8 21.
Re6 Qf7 22. Rbe1 c5 23. Re7 Qxb3 24. cxb3 Kg8 25. Rb7 Rf7 26. Ree7 Rxe7 27.
Rxe7 b5 28. Rc7 Re8 29. Rxa7 c4 30. Rd7 Bf6 31. Rc7 c3 32. Bd6 Re2 33. Bb4 Bd4
34. Kf3 Rxa2 35. Ke4 Bf6 36. Bxc3 Rc2 37. Kd3 Rxf2 38. Bxf6 Rxf6 39. Ke4 Rf1
40. Rc3 b4 41. Rd3 g5 42. Rf3 Rc1 43. Kd5 Rc3 44. Ke4 Rc1 45. Kd5 Rc3 46. Ke4
1/2-1/2

[Event "44th Chess Olympiad Open 2022"]
[Site "Chennai"]
[Date "2022.08.01"]
[Round "4.6"]
[White "Warmerdam, Max"]
[Black "Rodshtein, Maxim"]
[Result "1/2-1/2"]
[WhiteElo "2610"]
[BlackElo "2596"]
[Annotator "TA"]
[PlyCount "119"]
[EventDate "2022.07.29"]
[EventType "team-tourn"]
[EventCountry "IND"]
[SourceTitle "playchess.com"]
[Source "ChessBase"]
[SourceQuality "1"]
[WhiteTeam "Netherlands"]
[BlackTeam "Israel"]
[WhiteTeamCountry "NED"]
[BlackTeamCountry "ISR"]

1. c4 e5 2. Nc3 Bb4 3. g3 Nf6 4. e4 Nc6 5. Nge2 d6 6. Bg2 Bc5 7. h3 a6 8. d3 b5
9. b3 Nd4 10. Be3 c6 11. O-O Rb8 12. Kh1 O-O 13. Qd2 Nd7 14. f4 Qa5 15. Rac1
Nxe2 16. Qxe2 Bxe3 17. Qxe3 Qb6 18. Qd2 Bb7 19. Ne2 Rfe8 20. g4 d5 21. fxe5
dxe4 22. d4 c5 23. Qf4 Qg6 24. d5 Rxe5 25. Ng3 Rbe8 26. Rce1 e3 27. Rf3 e2 28.
Rf2 Qf6 29. Qxf6 Nxf6 30. Rfxe2 Rxe2 31. Rxe2 Rxe2 32. Nxe2 bxc4 33. bxc4 Ne8
34. Nc3 Nd6 35. Na4 Nxc4 36. Nxc5 Nd6 37. Kg1 Kf8 38. Kf2 Ke7 39. Ke3 Bc8 40.
Bf1 a5 41. a3 f5 42. g5 Nf7 43. h4 Kd6 44. Kd4 Ne5 45. Be2 Ng6 46. Nb3 Bb7 47.
Bf3 Nxh4 48. Bh1 f4 49. Be4 a4 50. Nd2 f3 51. Nc4+ Kd7 52. Ne5+ Kd6 53. Nc4+
Kd7 54. Ke3 h6 55. gxh6 gxh6 56. Kf2 Ba6 57. Nb6+ Kd6 58. Nxa4 Ke5 59. Nc5 Bc4
60. a4 1/2-1/2

[Event "44th Chess Olympiad Open 2022"]
[Site "Chennai"]
[Date "2022.08.01"]
[Round "4.6"]
[White "Smirin, Ilia"]
[Black "L'Ami, Erwin"]
[Result "1-0"]
[WhiteElo "2601"]
[BlackElo "2634"]
[Annotator "TA"]
[PlyCount "97"]
[EventDate "2022.07.29"]
[EventType "team-tourn"]
[EventCountry "IND"]
[SourceTitle "playchess.com"]
[Source "ChessBase"]
[SourceQuality "1"]
[WhiteTeam "Israel"]
[BlackTeam "Netherlands"]
[WhiteTeamCountry "ISR"]
[BlackTeamCountry "NED"]

1. c4 e6 2. g3 d5 3. Bg2 Nf6 4. Nf3 Be7 5. O-O O-O 6. b3 c5 7. Bb2 Nc6 8. cxd5
Nxd5 9. d4 cxd4 10. Nxd4 Bd7 11. Nc3 Nxc3 12. Bxc3 Nxd4 13. Bxd4 Bc6 14. Bxc6
bxc6 15. Rc1 Qd5 16. Rc4 a5 17. Qc2 Rfc8 18. Rd1 Qf5 19. Qxf5 exf5 20. Bc3 Bb4
21. Rd7 Bxc3 22. Rxc3 g6 23. a4 Ra6 24. Rb7 Kg7 25. Kf1 Re8 26. Rd3 Re6 27.
Rdd7 Rf6 28. Ra7 Rb6 29. Rd3 c5 30. Rxa5 c4 31. bxc4 Rb1+ 32. Kg2 Rb2 33. Kf3
Rc2 34. c5 Re6 35. Re3 Rc6 36. Rb5 Ra2 37. a5 g5 38. Rc3 g4+ 39. Ke3 Re6+ 40.
Kd4 Rd2+ 41. Kc4 Re4+ 42. Kb3 Rexe2 43. Rb6 Rb2+ 44. Kc4 Re4+ 45. Kd5 Rd2+ 46.
Kc6 Rxf2 47. a6 Rxh2 48. Ra3 Re6+ 49. Kd7 1-0

[Event "44th Chess Olympiad Open 2022"]
[Site "Chennai"]
[Date "2022.08.01"]
[Round "4.6"]
[White "Boruchovsky, Avital"]
[Black "Giri, Anish"]
[Result "1/2-1/2"]
[WhiteElo "2551"]
[BlackElo "2760"]
[Annotator "TA"]
[PlyCount "84"]
[EventDate "2022.07.29"]
[EventType "team-tourn"]
[EventCountry "IND"]
[SourceTitle "playchess.com"]
[Source "ChessBase"]
[SourceQuality "1"]
[WhiteTeam "Israel"]
[BlackTeam "Netherlands"]
[WhiteTeamCountry "ISR"]
[BlackTeamCountry "NED"]

1. e4 d6 2. d4 Nf6 3. Nc3 e5 4. Nf3 Nbd7 5. Bc4 Be7 6. O-O O-O 7. Re1 c6 8. a4
h6 9. Bf1 Re8 10. h3 b6 11. Be3 a6 12. Nh4 Bf8 13. dxe5 Nxe5 14. f4 Ned7 15.
Bf2 Nc5 16. Qf3 d5 17. Rad1 Bb7 18. e5 Nfe4 19. Nf5 Nxf2 20. Qxf2 Qd7 21. Ne3
Rad8 22. Qg3 Kh8 23. f5 Qc7 24. Ng4 Bc8 25. b4 Ne4 26. Nxe4 dxe4 27. Rxd8 Qxd8
28. e6 fxe6 29. f6 gxf6 30. Rxe4 f5 31. Ne5 Qf6 32. Ng6+ Kh7 33. Nxf8+ Rxf8 34.
Re5 Rg8 35. Qe3 Rg7 36. a5 b5 37. Bd3 Bd7 38. Kh2 Kg8 39. Qf4 Qg5 40. Qf2 Qf6
41. Qf4 Qg5 42. Qf2 Qf6 1/2-1/2

[Event "44th Chess Olympiad Open 2022"]
[Site "Chennai"]
[Date "2022.08.01"]
[Round "4.7"]
[White "Jones, Gawain C B"]
[Black "Perunovic, Milos"]
[Result "1/2-1/2"]
[WhiteElo "2652"]
[BlackElo "2539"]
[Annotator "TA"]
[PlyCount "81"]
[EventDate "2022.07.29"]
[EventType "team-tourn"]
[EventCountry "IND"]
[SourceTitle "playchess.com"]
[Source "ChessBase"]
[SourceQuality "1"]
[WhiteTeam "England"]
[BlackTeam "Serbia"]
[WhiteTeamCountry "ENG"]
[BlackTeamCountry "SRB"]

1. c4 c5 2. Nf3 Nc6 3. Nc3 e5 4. g3 g6 5. Bg2 Bg7 6. a3 a5 7. O-O d6 8. Ne1 Be6
9. d3 Nge7 10. Nd5 O-O 11. Nc2 Rb8 12. b4 axb4 13. axb4 cxb4 14. Bg5 f6 15. Bd2
b5 16. Ncxb4 Nxb4 17. Bxb4 Nc6 18. Ra6 Nxb4 19. Nxb4 Qc7 20. Rc6 Qe7 21. c5
Rbd8 22. Ra6 dxc5 23. Nc6 Qd6 24. Qb1 b4 25. Nxb4 Qd7 26. Nc6 Rc8 27. Qb6 Kh8
28. Qxc5 Rc7 29. Qb4 Rfc8 30. Qa4 h5 31. d4 exd4 32. Nxd4 Bc4 33. Qxd7 Rxd7 34.
Rc6 Rxc6 35. Nxc6 Bxe2 36. Re1 Rd1 37. Rxd1 Bxd1 38. Bd5 Bf8 39. Kg2 Ba4 40. f4
Bxc6 41. Bxc6 1/2-1/2

[Event "44th Chess Olympiad Open 2022"]
[Site "Chennai"]
[Date "2022.08.01"]
[Round "4.7"]
[White "Ivanisevic, Ivan"]
[Black "Howell, David W L"]
[Result "0-1"]
[WhiteElo "2561"]
[BlackElo "2650"]
[Annotator "TA"]
[PlyCount "98"]
[EventDate "2022.07.29"]
[EventType "team-tourn"]
[EventCountry "IND"]
[SourceTitle "playchess.com"]
[Source "ChessBase"]
[SourceQuality "1"]
[WhiteTeam "Serbia"]
[BlackTeam "England"]
[WhiteTeamCountry "SRB"]
[BlackTeamCountry "ENG"]

1. c4 g6 2. Nc3 c5 3. g3 Bg7 4. Bg2 Nc6 5. b3 Nf6 6. Bb2 O-O 7. e3 e6 8. Nge2
d5 9. O-O dxc4 10. Na4 cxb3 11. axb3 Nd7 12. Bxg7 Kxg7 13. Qc1 Qe7 14. Nf4 Nb4
15. d4 cxd4 16. exd4 Qd6 17. Nc3 Nf6 18. Ra5 Qd8 19. Rb5 a5 20. Rd1 Ra6 21. Ne4
Nxe4 22. Bxe4 Kg8 23. Qa1 Bd7 24. Rxb7 Rd6 25. d5 exd5 26. Nxd5 Bg4 27. f3 Nxd5
28. fxg4 Ne3 29. Re1 Nxg4 30. Bf3 Rd2 31. Qc3 h5 32. Bxg4 hxg4 33. Qe3 Qd5 34.
Qe4 Qc5+ 35. Qe3 Qd5 36. Qe4 Qh5 37. Re2 Rd1+ 38. Re1 Rd2 39. Re2 Qc5+ 40. Kf1
Rd1+ 41. Re1 Rxe1+ 42. Qxe1 Qc6 43. Re7 Qh1+ 44. Kf2 Qxh2+ 45. Kf1 Qh1+ 46. Kf2
Qf3+ 47. Kg1 Qxb3 48. Qe5 a4 49. Re8 Rxe8 0-1

[Event "44th Chess Olympiad Open 2022"]
[Site "Chennai"]
[Date "2022.08.01"]
[Round "4.8"]
[White "Gukesh D"]
[Black "Vocaturo, Daniele"]
[Result "1-0"]
[WhiteElo "2684"]
[BlackElo "2616"]
[Annotator "TA"]
[PlyCount "67"]
[EventDate "2022.07.29"]
[EventType "team-tourn"]
[EventCountry "IND"]
[SourceTitle "playchess.com"]
[Source "ChessBase"]
[SourceQuality "1"]
[WhiteTeam "India"]
[BlackTeam "Italy"]
[WhiteTeamCountry "IND"]
[BlackTeamCountry "ITA"]

1. d4 Nf6 2. c4 e6 3. Nf3 d5 4. Nc3 c5 5. cxd5 cxd4 6. Qxd4 exd5 7. Bg5 Be7 8.
e3 O-O 9. Rd1 Be6 10. Qa4 h6 11. Bxf6 Bxf6 12. Nxd5 Bxd5 13. Qb5 Bxb2 14. Rxd5
Bc3+ 15. Kd1 Qe7 16. Bc4 Na6 17. Ke2 Rac8 18. Qb3 Nb4 19. Rf5 Bf6 20. Rb5 a5
21. Rxa5 Nc6 22. Rb5 b6 23. Bd5 Na7 24. Rxb6 Rc3 25. Qb1 Qc5 26. Rd1 Rc2+ 27.
Kf1 Rd8 28. Ne1 Rc3 29. Bxf7+ Kf8 30. Bh5 Nc6 31. Rxd8+ Bxd8 32. Qg6 Qc4+ 33.
Kg1 Ke7 34. Rb7+ 1-0

[Event "44th Chess Olympiad Open 2022"]
[Site "Chennai"]
[Date "2022.08.01"]
[Round "4.8"]
[White "Praggnanandhaa R"]
[Black "Lodici, Lorenzo"]
[Result "1/2-1/2"]
[WhiteElo "2648"]
[BlackElo "2553"]
[Annotator "TA"]
[PlyCount "83"]
[EventDate "2022.07.29"]
[EventType "team-tourn"]
[EventCountry "IND"]
[SourceTitle "playchess.com"]
[Source "ChessBase"]
[SourceQuality "1"]
[WhiteTeam "India"]
[BlackTeam "Italy"]
[WhiteTeamCountry "IND"]
[BlackTeamCountry "ITA"]

1. d4 Nf6 2. c4 e6 3. Nf3 d5 4. Nc3 c6 5. e3 Nbd7 6. Be2 Bd6 7. O-O O-O 8. b3
b6 9. Bb2 Bb7 10. Bd3 Qe7 11. Re1 Rfd8 12. Qc2 h6 13. e4 dxe4 14. Nxe4 Ba3 15.
Bc3 a5 16. Re3 Bb4 17. Bb2 Ba3 18. Bxa3 Qxa3 19. Nc3 Qd6 20. Rd1 Qc7 21. Bf1
Re8 22. g3 Rad8 23. Bg2 c5 24. d5 exd5 25. Rxe8+ Nxe8 26. Nxd5 Bxd5 27. Rxd5
Ndf6 28. Rd3 Rxd3 29. Qxd3 Qe7 30. Nd2 Nc7 31. Bh3 g6 32. Nf1 h5 33. Ne3 Kf8
34. Bc8 Ke8 35. h4 Qe5 36. Kg2 Ke7 37. Nd1 Ne6 38. Bxe6 Qxe6 39. Nc3 Qc6+ 40.
Qf3 Qe6 41. Qa8 Qd6 42. Ne4 1/2-1/2

[Event "44th Chess Olympiad Open 2022"]
[Site "Chennai"]
[Date "2022.08.01"]
[Round "4.8"]
[White "Moroni, Luca Jr"]
[Black "Nihal Sarin"]
[Result "0-1"]
[WhiteElo "2584"]
[BlackElo "2651"]
[Annotator "TA"]
[PlyCount "102"]
[EventDate "2022.07.29"]
[EventType "team-tourn"]
[EventCountry "IND"]
[SourceTitle "playchess.com"]
[Source "ChessBase"]
[SourceQuality "1"]
[WhiteTeam "Italy"]
[BlackTeam "India"]
[WhiteTeamCountry "ITA"]
[BlackTeamCountry "IND"]

1. d4 Nf6 2. Nf3 g6 3. Bf4 Bg7 4. e3 O-O 5. Nbd2 d6 6. h3 c5 7. c3 cxd4 8. cxd4
Nc6 9. Bc4 Qb6 10. b3 e5 11. dxe5 dxe5 12. Bh2 e4 13. Ne5 Qa5 14. Nxc6 bxc6 15.
a3 Rd8 16. b4 Qg5 17. Qb3 Nd5 18. O-O Bxh3 19. Bg3 Bxa1 20. Nxe4 Qe7 21. gxh3
Be5 22. Rc1 Bxg3 23. Nxg3 Nf6 24. Be2 Rac8 25. Bf3 c5 26. b5 c4 27. Rxc4 Rxc4
28. Qxc4 Qxa3 29. Ne2 Rd2 30. Qf4 Qd6 31. Qa4 Qc5 32. Qf4 Kg7 33. Nd4 Rb2 34.
Bc6 h6 35. h4 Nh5 36. Qe4 Qc1+ 37. Kg2 Rb1 38. Kh3 Qf1+ 39. Qg2 Qxg2+ 40. Kxg2
Nf6 41. Bf3 Rb2 42. Kg3 Ne8 43. h5 Nd6 44. Bc6 Nf5+ 45. Nxf5+ gxf5 46. f3 Kf6
47. Kf4 Rh2 48. Kg3 Rc2 49. Kf4 Rc4+ 50. e4 fxe4 51. fxe4 Rc5 0-1

[Event "44th Chess Olympiad Open 2022"]
[Site "Chennai"]
[Date "2022.08.01"]
[Round "4.8"]
[White "Sonis, Francesco"]
[Black "Sadhwani, Raunak"]
[Result "1/2-1/2"]
[WhiteElo "2543"]
[BlackElo "2611"]
[Annotator "TA"]
[PlyCount "60"]
[EventDate "2022.07.29"]
[EventType "team-tourn"]
[EventCountry "IND"]
[SourceTitle "playchess.com"]
[Source "ChessBase"]
[SourceQuality "1"]
[WhiteTeam "Italy"]
[BlackTeam "India"]
[WhiteTeamCountry "ITA"]
[BlackTeamCountry "IND"]

1. d4 Nf6 2. c4 e6 3. Nf3 d5 4. Nc3 Bb4 5. Bg5 h6 6. Bxf6 Qxf6 7. Qb3 c5 8.
cxd5 exd5 9. a3 Bxc3+ 10. Qxc3 Nd7 11. e3 a6 12. a4 b6 13. Be2 O-O 14. O-O Bb7
15. b3 Rac8 16. Qb2 Rc7 17. Rac1 Rfc8 18. Rc3 Nf8 19. Rfc1 Ne6 20. h3 cxd4 21.
Rxc7 Rxc7 22. Rxc7 Nxc7 23. Qxd4 Qxd4 24. Nxd4 a5 25. h4 Kf8 26. Kf1 Ne6 27.
Ke1 Nxd4 28. exd4 g5 29. hxg5 hxg5 30. g4 Ke7 1/2-1/2

[Event "44th Chess Olympiad Open 2022"]
[Site "Chennai"]
[Date "2022.08.01"]
[Round "4.9"]
[White "Sargissian, Gabriel"]
[Black "Ragger, Markus"]
[Result "1/2-1/2"]
[WhiteElo "2698"]
[BlackElo "2647"]
[Annotator "TA"]
[PlyCount "66"]
[EventDate "2022.07.29"]
[EventType "team-tourn"]
[EventCountry "IND"]
[SourceTitle "playchess.com"]
[Source "ChessBase"]
[SourceQuality "1"]
[WhiteTeam "Armenia"]
[BlackTeam "Austria"]
[WhiteTeamCountry "ARM"]
[BlackTeamCountry "AUT"]

1. Nf3 Nf6 2. c4 c5 3. Nc3 e6 4. e3 Nc6 5. d4 d5 6. cxd5 exd5 7. Bb5 cxd4 8.
exd4 Bd6 9. O-O O-O 10. Bg5 Bg4 11. Be2 Be7 12. Re1 h6 13. Bh4 Ne4 14. Bxe7
Nxe7 15. Qb3 Bxf3 16. Bxf3 Nd2 17. Qd1 Nxf3+ 18. Qxf3 Nc6 19. Nxd5 Nxd4 20. Qe4
Nc6 21. Nb4 Nxb4 22. Qxb4 Qf6 23. Rad1 b6 24. Rd6 Qf5 25. Qa4 Rac8 26. Rd2 Rc7
27. h3 Rfc8 28. Qg4 Qxg4 29. hxg4 Kf8 30. Kf1 Rc2 31. Rd7 Re8 32. Rxe8+ Kxe8
33. Rxa7 Rxb2 1/2-1/2

[Event "44th Chess Olympiad Open 2022"]
[Site "Chennai"]
[Date "2022.08.01"]
[Round "4.9"]
[White "Ter-Sahakyan, Samvel"]
[Black "Blohberger, Felix"]
[Result "1-0"]
[WhiteElo "2625"]
[BlackElo "2492"]
[Annotator "TA"]
[PlyCount "117"]
[EventDate "2022.07.29"]
[EventType "team-tourn"]
[EventCountry "IND"]
[SourceTitle "playchess.com"]
[Source "ChessBase"]
[SourceQuality "1"]
[WhiteTeam "Armenia"]
[BlackTeam "Austria"]
[WhiteTeamCountry "ARM"]
[BlackTeamCountry "AUT"]

1. e4 e5 2. Nf3 Nc6 3. Bb5 Nf6 4. d3 Bc5 5. c3 O-O 6. O-O Re8 7. Bg5 a6 8. Ba4
b5 9. Bb3 d6 10. Nbd2 h6 11. Bh4 g5 12. Bg3 Bb6 13. Re1 Ne7 14. Nf1 Ng6 15. Ne3
Bxe3 16. Rxe3 Kg7 17. d4 Qe7 18. a4 Bd7 19. Re1 c5 20. Bc2 Bg4 21. h3 Bh5 22.
Re3 Nf4 23. Qd2 Rac8 24. d5 Bg6 25. Nh2 c4 26. Nf1 Nd7 27. f3 Nc5 28. Bf2 h5
29. Kh2 h4 30. Bg1 Rb8 31. Ree1 Rec8 32. Ne3 Qd7 33. axb5 axb5 34. Ra3 Ncd3 35.
Rb1 Ra8 36. Rxa8 Rxa8 37. b3 Qc7 38. bxc4 bxc4 39. Qd1 Ra3 40. Ra1 Rxc3 41. Qd2
Rb3 42. Bxb3 cxb3 43. Rb1 b2 44. Nd1 f5 45. exf5 Bxf5 46. Nxb2 Nxb2 47. Rxb2
Bxh3 48. Be3 Bf5 49. Ra2 Qc4 50. Ra7+ Kg6 51. Bxf4 Qxf4+ 52. Qxf4 exf4 53. Ra6
g4 54. Rxd6+ Kg5 55. Rd8 g3+ 56. Kh1 Kf6 57. d6 Ke5 58. d7 Kd6 59. Rf8 1-0

[Event "44th Chess Olympiad Open 2022"]
[Site "Chennai"]
[Date "2022.08.01"]
[Round "4.9"]
[White "Dragnev, Valentin"]
[Black "Melkumyan, Hrant"]
[Result "0-1"]
[WhiteElo "2557"]
[BlackElo "2634"]
[Annotator "TA"]
[PlyCount "101"]
[EventDate "2022.07.29"]
[EventType "team-tourn"]
[EventCountry "IND"]
[SourceTitle "playchess.com"]
[Source "ChessBase"]
[SourceQuality "1"]
[WhiteTeam "Austria"]
[BlackTeam "Armenia"]
[WhiteTeamCountry "AUT"]
[BlackTeamCountry "ARM"]

1. e4 e5 2. Nf3 Nc6 3. Bb5 Nf6 4. d3 Bc5 5. c3 O-O 6. O-O Re8 7. Bg5 a6 8. Ba4
b5 9. Bb3 d6 10. Nbd2 h6 11. Bh4 g5 12. Bg3 Bb6 13. Re1 Ne7 14. Nf1 Ng6 15. Ne3
Bxe3 16. Rxe3 Kg7 17. d4 Qe7 18. a4 Bd7 19. Re1 c5 20. Bc2 Bg4 21. h3 Bh5 22.
Re3 Nf4 23. Qd2 Rac8 24. d5 Bg6 25. Nh2 c4 26. Nf1 Nd7 27. f3 Nc5 28. Bf2 h5
29. Kh2 h4 30. Bg1 Rb8 31. Ree1 Rec8 32. Ne3 Qd7 33. axb5 axb5 34. Ra3 Ncd3 35.
Rb1 Ra8 36. Rxa8 Rxa8 37. b3 Qc7 38. bxc4 bxc4 39. Qd1 Ra3 40. Ra1 Rxc3 41. Qd2
Rb3 42. Bxb3 cxb3 43. Rb1 b2 44. Nd1 f5 45. exf5 Bxf5 46. Nxb2 Nxb2 47. Rxb2
Bxh3 48. Be3 Bf5 49. Ra2 Qc4 50. Ra7+ Kg6 51. Bxf4 0-1

[Event "44th Chess Olympiad Open 2022"]
[Site "Chennai"]
[Date "2022.08.01"]
[Round "4.9"]
[White "Horvath, Dominik"]
[Black "Hovhannisyan, Robert"]
[Result "1/2-1/2"]
[WhiteElo "2488"]
[BlackElo "2591"]
[Annotator "TA"]
[PlyCount "74"]
[EventDate "2022.07.29"]
[EventType "team-tourn"]
[EventCountry "IND"]
[SourceTitle "playchess.com"]
[Source "ChessBase"]
[SourceQuality "1"]
[WhiteTeam "Austria"]
[BlackTeam "Armenia"]
[WhiteTeamCountry "AUT"]
[BlackTeamCountry "ARM"]

1. e4 e5 2. Nf3 Nc6 3. Bb5 Nf6 4. O-O Nxe4 5. Re1 Nd6 6. a4 Be7 7. Nc3 a6 8.
Bf1 e4 9. Nxe4 Nxe4 10. Rxe4 d5 11. Re1 Bg4 12. Be2 O-O 13. d4 Re8 14. Bf4 Bd6
15. Bxd6 Qxd6 16. c3 Re7 17. h3 Bh5 18. Nh4 Bxe2 19. Rxe2 Qd7 20. Rxe7 Nxe7 21.
Qb3 c6 22. Re1 Rd8 23. Qb4 Nc8 24. Nf3 Nd6 25. Nd2 Re8 26. Re5 f6 27. Rxe8+
Nxe8 28. Nb3 Nd6 29. Nc5 Qe7 30. Nxb7 Qxb7 31. Qxd6 Qxb2 32. Qe6+ Kf8 33. Qc8+
Kf7 34. Qxa6 Qc1+ 35. Kh2 Qf4+ 36. Kg1 Qc1+ 37. Kh2 Ke6 1/2-1/2

[Event "44th Chess Olympiad Open 2022"]
[Site "Chennai"]
[Date "2022.08.01"]
[Round "4.10"]
[White "Tabatabaei, M. Amin"]
[Black "Noritsyn, Nikolay"]
[Result "1-0"]
[WhiteElo "2664"]
[BlackElo "2482"]
[Annotator "TA"]
[PlyCount "119"]
[EventDate "2022.07.29"]
[EventType "team-tourn"]
[EventCountry "IND"]
[SourceTitle "playchess.com"]
[Source "ChessBase"]
[SourceQuality "1"]
[WhiteTeam "Iran"]
[BlackTeam "Canada"]
[WhiteTeamCountry "IRI"]
[BlackTeamCountry "CAN"]

1. d4 e6 2. c4 d5 3. Nf3 a6 4. Bg5 Be7 5. Bxe7 Nxe7 6. Nbd2 Nd7 7. Rc1 O-O 8.
Qc2 dxc4 9. Qxc4 c6 10. e3 b6 11. Qc2 Bb7 12. Bd3 h6 13. Ne4 c5 14. dxc5 Rc8
15. Rd1 Nf5 16. Qe2 bxc5 17. O-O c4 18. Bb1 Qe7 19. Nd4 Bxe4 20. Bxe4 Nxd4 21.
Rxd4 c3 22. bxc3 Rxc3 23. Qxa6 Nc5 24. Qa5 Nxe4 25. Rxe4 Qa3 26. Ra4 Qb2 27. h4
Rfc8 28. Rd4 Ra3 29. Rd8+ Kh7 30. Qxa3 Qxa3 31. Rxc8 Qxa2 32. Rc7 Kg6 33. h5+
Kxh5 34. Rxf7 Kg6 35. Rf3 h5 36. Rd1 Kh6 37. Rf7 g6 38. Kh2 e5 39. Rf6 Qe2 40.
Rdd6 Kh7 41. Rde6 Qb2 42. Kg3 e4 43. Rxg6 Qb8+ 44. Rd6 Qb5 45. Rge6 Kg8 46. Rb6
Qd5 47. Kh2 h4 48. Rg6+ Kf7 49. Rbf6+ Ke7 50. Rf4 h3 51. g3 Qa2 52. Rh6 Kd7 53.
Rxh3 Kd6 54. Kg2 Kd5 55. Rh5+ Kc4 56. Rxe4+ Kd3 57. Rd4+ Ke2 58. Rhd5 Qa8 59.
g4 Qb7 60. e4 1-0

[Event "44th Chess Olympiad Open 2022"]
[Site "Chennai"]
[Date "2022.08.01"]
[Round "4.10"]
[White "Hansen, Eric"]
[Black "Maghsoodloo, Parham"]
[Result "1/2-1/2"]
[WhiteElo "2606"]
[BlackElo "2701"]
[Annotator "TA"]
[PlyCount "62"]
[EventDate "2022.07.29"]
[EventType "team-tourn"]
[EventCountry "IND"]
[SourceTitle "playchess.com"]
[Source "ChessBase"]
[SourceQuality "1"]
[WhiteTeam "Canada"]
[BlackTeam "Iran"]
[WhiteTeamCountry "CAN"]
[BlackTeamCountry "IRI"]

1. e4 e5 2. Nf3 Nc6 3. Bb5 a6 4. Ba4 Nf6 5. O-O b5 6. Bb3 Bc5 7. c3 d6 8. d4
Bb6 9. Be3 O-O 10. Nbd2 h6 11. h3 Re8 12. Re1 exd4 13. cxd4 Na5 14. Bc2 Bb7 15.
b4 Nc4 16. Nxc4 bxc4 17. d5 c6 18. dxc6 Bxc6 19. Bxb6 Qxb6 20. Qxd6 Rad8 21.
Qc5 Qxc5 22. bxc5 Nxe4 23. Bxe4 Rxe4 24. Rxe4 Bxe4 25. Rc1 Bd3 26. Ne5 Rd5 27.
Nxd3 cxd3 28. c6 d2 29. Rd1 Rc5 30. Rxd2 Rc1+ 31. Kh2 Rxc6 1/2-1/2

[Event "44th Chess Olympiad Open 2022"]
[Site "Chennai"]
[Date "2022.08.01"]
[Round "4.10"]
[White "Preotu, Razvan"]
[Black "Idani, Pouya"]
[Result "1-0"]
[WhiteElo "2445"]
[BlackElo "2641"]
[Annotator "TA"]
[PlyCount "117"]
[EventDate "2022.07.29"]
[EventType "team-tourn"]
[EventCountry "IND"]
[SourceTitle "playchess.com"]
[Source "ChessBase"]
[SourceQuality "1"]
[WhiteTeam "Canada"]
[BlackTeam "Iran"]
[WhiteTeamCountry "CAN"]
[BlackTeamCountry "IRI"]

1. e4 c6 2. Nc3 d5 3. Nf3 Bg4 4. h3 Bxf3 5. Qxf3 e6 6. Be2 d4 7. Nb1 Bd6 8. d3
Ne7 9. Nd2 Bc7 10. Nb3 Ng6 11. c3 h5 12. g3 Ne5 13. Qg2 dxc3 14. d4 cxb2 15.
Bxb2 Ba5+ 16. Kf1 Ng6 17. Rd1 Nd7 18. d5 Bb6 19. Bxg7 Rg8 20. dxe6 fxe6 21. Bc3
h4 22. Nd4 Qf6 23. gxh4 O-O-O 24. Qg5 Qf7 25. Bh5 Nf6 26. Bf3 e5 27. Qf5+ Kb8
28. Ne6 Rde8 29. h5 Qxe6 30. Qxe6 Rxe6 31. hxg6 Rxg6 32. h4 Kc7 33. h5 Rg8 34.
Ke2 Rh8 35. Rdg1 Bd4 36. Rg7+ Kd6 37. Bd2 b5 38. h6 Ne8 39. Rg2 Nf6 40. Rg6 c5
41. Bg5 Nh7 42. Rxe6+ Kxe6 43. Bg4+ Kf7 44. Bc1 Nf8 45. Bf5 c4 46. Rg1 Rg8 47.
Rg3 b4 48. Bd2 a5 49. h7 Nxh7 50. Bxh7 Rxg3 51. fxg3 b3 52. axb3 cxb3 53. Kd3
a4 54. Bb4 Bb2 55. Bc3 Bc1 56. Bf5 Kf6 57. Bd7 a3 58. Ba4 b2 59. Kc2 1-0

[Event "44th Chess Olympiad Open 2022"]
[Site "Chennai"]
[Date "2022.08.01"]
[Round "4.11"]
[White "Volokitin, Andrei"]
[Black "Gazik, Viktor"]
[Result "0-1"]
[WhiteElo "2674"]
[BlackElo "2544"]
[Annotator "TA"]
[PlyCount "98"]
[EventDate "2022.07.29"]
[EventType "team-tourn"]
[EventCountry "IND"]
[SourceTitle "playchess.com"]
[Source "ChessBase"]
[SourceQuality "1"]
[WhiteTeam "Ukraine"]
[BlackTeam "Slovakia"]
[WhiteTeamCountry "UKR"]
[BlackTeamCountry "SVK"]

1. e4 c5 2. Nf3 d6 3. d4 cxd4 4. Nxd4 Nf6 5. Nc3 g6 6. Be3 Bg7 7. f3 O-O 8. Qd2
Nc6 9. O-O-O d5 10. exd5 Nxd5 11. Nxc6 bxc6 12. Bd4 e5 13. Bc5 Re8 14. Nxd5
cxd5 15. Qxd5 Qxd5 16. Rxd5 Be6 17. Rd3 Rec8 18. Be3 a5 19. a4 Rab8 20. Rd2 Rb4
21. b3 Bxb3 22. Ba6 Ba2 23. c4 Rcb8 24. Rxa2 Rb1+ 25. Kd2 Rxh1 26. Ke2 e4 27.
fxe4 Rxh2 28. Kf2 Rh4 29. c5 Rxe4 30. c6 Be5 31. Bb5 Bc7 32. Rd2 Rbe8 33. Rd7
Rxe3 34. Rxc7 R3e7 35. Rd7 Rxd7 36. cxd7 Rd8 37. Ke3 Kf8 38. Kd4 Ke7 39. Kc5
Rxd7 40. Bxd7 Kxd7 41. Kb6 h5 42. Kxa5 h4 43. Kb6 g5 44. a5 Kc8 45. Ka7 g4 46.
a6 h3 47. Ka8 h2 48. a7 h1=R 49. g3 Rh4 0-1

[Event "44th Chess Olympiad Open 2022"]
[Site "Chennai"]
[Date "2022.08.01"]
[Round "4.11"]
[White "Shevchenko, Kirill"]
[Black "Repka, Christopher"]
[Result "1/2-1/2"]
[WhiteElo "2654"]
[BlackElo "2516"]
[Annotator "TA"]
[PlyCount "90"]
[EventDate "2022.07.29"]
[EventType "team-tourn"]
[EventCountry "IND"]
[SourceTitle "playchess.com"]
[Source "ChessBase"]
[SourceQuality "1"]
[WhiteTeam "Ukraine"]
[BlackTeam "Slovakia"]
[WhiteTeamCountry "UKR"]
[BlackTeamCountry "SVK"]

1. e4 e5 2. Nf3 Nc6 3. Bb5 Nge7 4. Nc3 Ng6 5. d4 Nxd4 6. Nxd4 exd4 7. Qxd4 c6
8. Bc4 b5 9. Be2 Qb6 10. Be3 Qxd4 11. Bxd4 b4 12. Na4 Nf4 13. Bf1 Ne6 14. Be3
d5 15. exd5 cxd5 16. Bb5+ Bd7 17. Bxd7+ Kxd7 18. O-O-O Kc6 19. Rd2 Be7 20. Rhd1
Rhd8 21. c3 Bf6 22. Rd3 bxc3 23. bxc3 Rac8 24. Nb2 a5 25. Kc2 a4 26. Nxa4 Ra8
27. Nb2 Rxa2 28. Kb1 Ra3 29. Bd4 Nxd4 30. cxd4 Rxd3 31. Rxd3 Re8 32. Kc2 Re2+
33. Rd2 Rxd2+ 34. Kxd2 Bxd4 35. Nd3 Kb5 36. Ke2 Kc4 37. h3 Bf6 38. Ne1 Bc3 39.
Nd3 Kd4 40. Nc1 Bb4 41. Nd3 Bd6 42. Ne1 Ke4 43. Nd3 f5 44. Nc1 g5 45. Nd3 h5
1/2-1/2